Age in Employee Selection and Promotion: A Comprehensive Study
Skúmanie úlohy veku pri výbere a kariérnom postupe zamestnancov vo verejných a súkromných organizáciách s osobitným zameraním na české organizácie. Vplyv veku na kariérny postup v rôznych odvetviach a regiónoch s cieľom poskytnúť pohľad na potenciálne predsudky súvisiace s vekom na pracovisku. Štúdi...
Guardado en:
| Autor principal: | |
|---|---|
| Otros Autores: | , |
| Formato: | Capítulo de libro |
| Lenguaje: | inglés |
| Materias: | |
| Etiquetas: |
Sin Etiquetas, Sea el primero en etiquetar este registro!
|
MARC
| LEADER | 00000naa a2200000 4500 | ||
|---|---|---|---|
| 001 | 0307461 | ||
| 005 | 20250304112144.3 | ||
| 041 | 0 | |a eng | |
| 044 | |a CZ | ||
| 245 | 1 | 0 | |a Age in Employee Selection and Promotion: A Comprehensive Study |c Iveta Černíková, Markéta Šnýdrová, Ivana Šnýdrová |
| 520 | |a Skúmanie úlohy veku pri výbere a kariérnom postupe zamestnancov vo verejných a súkromných organizáciách s osobitným zameraním na české organizácie. Vplyv veku na kariérny postup v rôznych odvetviach a regiónoch s cieľom poskytnúť pohľad na potenciálne predsudky súvisiace s vekom na pracovisku. Štúdia využíva prístup zmiešaných metód, ktorý kombinuje kvantitatívnu analýzu miery povýšenia s kvalitatívnymi poznatkami od zástupcov organizácií. | ||
| 610 | 2 | 0 | |a kariéra |
| 610 | 2 | 0 | |a povyšovanie v zamestnaní |
| 610 | 2 | 0 | |a zamestnanci |
| 610 | 2 | 0 | |a nábor pracovníkov |
| 610 | 2 | 0 | |a zdroje ľudské |
| 610 | 2 | 0 | |a vek |
| 610 | 2 | 0 | |a diskriminácia |
| 610 | 2 | 0 | |a analýzy |
| 100 | 1 | |a Černíková, Iveta | |
| 700 | 1 | |a Šnýdrová, Markéta | |
| 700 | 1 | |a Šnýdrová, Ivana | |